000 00560nam a22002057a 4500
003 DO-SdBNP
005 20171130100200.0
008 171117b 1979| |||| 00| 0 spa d
020 _a8439969694
040 _aBPMSU
_bspa
_cBPMSU
082 _axxxxxx
_bxxxxxx
100 1 _aTió, Elisa
245 1 _aDetrás de los espejos empañados /
_cElsa Tió
250 _a4a ed.
260 _aPuerto Rico :
_b[s. n.],
_c1979.
300 _a79 p. :
_bil. ;
_c23 cm.
942 _2ddc
_cBK
945 _aInventariado extranjero /2017 BT
956 _aBTAVAREZ
_b10
_c20171117
_d0038
999 _c12942
_d12942